000 00416nam a2200181Ia 4500
001 515
005 20260306140523.0
008 260306t2015||||xx |||||||||||||| ||spa||
041 _aESP
082 _a121.68
_bL733
100 _aLledó Íñigo, Emilio,
_eAUT
245 0 _aPalabra y humanidad
260 _c2015
300 _a614 páginas :
_c17 cm.
650 _aGEN
654 _aCHU
942 _cLIB
_dJUS
_fJUS
_2ddc
_n
999 _c515
_d515